000 00390nam a22001457a 4500
003 OSt
005 20140311163155.0
008 140224t xxu||||| |||| 00| 0 eng d
050 _aQA 159
_b.Ad244 2005
245 _aAdvanced algebra :
_btools for a changing world /
260 _aN.J. :
_bPrentice Hall,
_cc2005.
300 _a510 p. :
_bill. ;
_c23 cm.
942 _2lcc
_cHS
999 _c42356
_d42356